03005cam a2200253Ii 45000010018000000050017000180080041000350200029000760350060001050350024001650400052001890410012002410500022002531000037002752450084003122500020003962640052004163000044004685040051005125050730005635201405012936500028026987000025027269911641592090434120250828084944.0190827t20202020enka b 001 0 eng d a9781108701297qpaperback a(OCoLC)1113279313z(OCoLC)1090738131z(OCoLC)1144407387 a(OCoLC)on1113279313 aYDXbengerdacYDXdUOLdYDXITdAU@dOCLCOdOCL aEnglish 4aHD58.6b.F45 2020 aFells, R. E.q(Ray E.),eauthor.10aEffective negotiation b: from research to results c/ Ray Fells and Noa Sheer. aFourth edition. 1aCambridge :bCambridge University Press,c2020. axi, 420 pages :billustrations ;c25 cm aIncludes bibliographical references and index. aWhy isn't negotiation straightforward? — Negotiators are people, not robots — Establishing what can be achieved by negotiating — Strategically managing the negotiation process — Differentiation: managing the exchange of information — Exploration: finding a better outcome — Exchange: getting the other party to agree — Strategically managing deadlocks — Overcoming deadlocks through mediation — Negotiation in practice: negotiators building bridges on behalf of others — Negotiation in practice: managing negotiations in the workplace — Negotiation in practice: managing business negotiations — Cross-cultural negotiations: much the same but different — Conclusion: becoming an effective negotiator. aThe fourth edition of Effective Negotiation provides a practical and thematic approach to negotiation and mediation in professional contexts. Drawing on research and extensive teaching and practical experience, Fells and Sheer describe key elements of negotiations and explain the core tasks involved in reaching an agreement: information exchange, solution-seeking and concession management. This edition features a substantial revision and re-alignment of content, providing discussion of overarching themes and methodologies before moving to focused considerations of the underlying mechanics of negotiation. A new chapter on deadlocks provides detailed analysis of strategically managing and resolving deadlocked negotiations. In addition to the 'Negotiation in Practice' and 'Negotiation Skill Tips' boxes, chapters now include real-world case studies. An accessible, practical and strategic exploration of the complex mechanics and dynamics of negotiation, mediation and dispute resolution, Effective Negotiation remains an essential resource for students and professionals in business and management, law and human resource management. Encourages a stage model of negotiation, where distributive and integrative are sub-processes - Features clear links between research and practice, reinforced by appropriate, well researched case studies - Includes an accompanying website for instructors. 0aNegotiation in business aSheer, Noa,eauthor.